Neuseeland Quiz Level 1 - Statistiken

Allgemein
  • Dieses Quiz wurde 56 mal gespielt
  • Das Durchschnittsergebnis liegt bei 8 aus 10
Antwortstatistiken
Frage Antwort % Korrekt
Was ist der der flugunfähige Nationalvogel Neuseelands? Kiwi-Vogel
100%
Was ist die Nationalsportart Neuseelands? Rugby
100%
Auf welcher Halbkugel liegt Neuseeland? Südhalbkugel
100%
Wie heißen die Ureinwohner Neuseelands? Māori
98%
Wie heißt die Hauptstadt Neuseelands? Wellington
92%
Wie nennt sich die Rugby-Nationalmannschaft? All Blacks
85%
Wie viele Einwohner hat Neuseeland circa? 5 Millionen
62%
In welcher Pazifik-Region liegt Neuseeland? Polynesien
56%
Woher kommt der Name des Landes? Niederlande
42%
Wer war der erste Europäer, der Neuseeland entdeckte? Abel Tasman
31%
Keine übereinstimmenden Quizze gefunden
Verteilung der Resultate
Anzahl Personen mit jedem Resultat
Perzentil nach korrekt beantworteten Fragen
Ihre Resultats-Entwicklung
Sie haben dieses Quiz noch nicht gespielt